| 000 | 00672nam a22002417a 4500 | ||
|---|---|---|---|
| 003 | LK-CoMWRAF | ||
| 005 | 20231013125756.0 | ||
| 008 | 230925b |||||||| |||| 00| 0 eng d | ||
| 020 | _a1871031354 | ||
| 040 |
_aLK-CoMWRAF _dLK-CoMWRAF _eLK-CoMWRAF |
||
| 041 | _aeng | ||
| 082 |
_a297 _bLAR |
||
| 100 | _aLari, Sayyid Muitaba musavi | ||
| 245 |
_aThe Seal of the prophets and his message : _bLessons on Islamic doctrine |
||
| 250 | _a7th Edition | ||
| 260 |
_aPotomac, Md. : _bIslamic Education Center, _c2000 |
||
| 300 | _a195 p. ; 22 cm. | ||
| 650 | _aMuḼammad | ||
| 650 | _a Prophet | ||
| 650 | _aDoctrines | ||
| 700 |
_aAlgar, Hamid _etrans. |
||
| 942 | _cBK | ||
| 999 |
_c3665 _d3665 |
||